| 000 | 00575nam a2200157 a 4500 | ||
|---|---|---|---|
| 001 | 000030421 | ||
| 005 | 20200930062314.0 | ||
| 008 | 110517s2001 dr a 000 | spa d | ||
| 040 |
_aDO-SdBNP _bspa _cBNPHU |
||
| 082 |
_axxx _bC733p |
||
| 110 | 2 |
_aComisión Permanente Efemérides Patria. Comité La Barranquita _957053 |
|
| 245 | 1 | 0 | _aPrograma oficial de los actos para la celebracion del 85 aniversario de la batalla La Barquita 1916-2001. |
| 260 |
_aSanto Domingo : _bComisión Permanente de Efemérides Patria, _c2001. |
||
| 300 |
_a8 p. : _bil. ; _c22 cm. |
||
| 049 | _aBNPD | ||
| 999 |
_c29913 _d29913 |
||